Excavating modernity : (Record no. 145470)
[ view plain ]
| 000 -LEADER | |
|---|---|
| fixed length control field | 02126nam a2200409 i 4500 |
| 001 - CONTROL NUMBER | |
| control field | ebr10809065 |
| 003 - CONTROL NUMBER IDENTIFIER | |
| control field | CaPaEBR |
| 006 - FIXED-LENGTH DATA ELEMENTS--ADDITIONAL MATERIAL CHARACTERISTICS--GENERAL INFORMATION | |
| fixed length control field | m o d |
| 007 - PHYSICAL DESCRIPTION FIXED FIELD--GENERAL INFORMATION | |
| fixed length control field | cr cn||||||||| |
| 008 - FIXED-LENGTH DATA ELEMENTS--GENERAL INFORMATION | |
| fixed length control field | 120111s2012 nyua ob 001 0 eng|d |
| 020 ## - INTERNATIONAL STANDARD BOOK NUMBER | |
| Cancelled/invalid ISBN | 9780801449987 (cloth : alk. paper) |
| International Standard Book Number | 9780801468841 (e-book) |
| 040 ## - CATALOGING SOURCE | |
| Original cataloging agency | CaPaEBR |
| Language of cataloging | eng |
| Description conventions | rda |
| -- | pn |
| Transcribing agency | CaPaEBR |
| 043 ## - GEOGRAPHIC AREA CODE | |
| Geographic area code | e-it--- |
| 050 14 - LIBRARY OF CONGRESS CALL NUMBER | |
| Classification number | CC101.I8 |
| Item number | A78 2012eb |
| 082 04 - DEWEY DECIMAL CLASSIFICATION NUMBER | |
| Classification number | 930.1093 |
| Edition number | 23 |
| 100 1# - MAIN ENTRY--PERSONAL NAME | |
| Personal name | Arthurs, Joshua, |
| Dates associated with a name | 1975- |
| 245 10 - TITLE STATEMENT | |
| Title | Excavating modernity : |
| Remainder of title | the Roman past in fascist Italy / |
| Statement of responsibility, etc | Joshua Arthurs. |
| 264 #1 - PRODUCTION, PUBLICATION, DISTRIBUTION, MANUFACTURE, AND COPYRIGHT NOTICE | |
| Place of production, publication, distribution, manufacture | Ithaca : |
| Name of producer, publisher, distributor, manufacturer | Cornell University Press, |
| Date of production, publication, distribution, manufacture, or copyright notice | 2012. |
| 300 ## - PHYSICAL DESCRIPTION | |
| Extent | 1 online resource (233 pages) : |
| Other physical details | illustrations |
| 336 ## - CONTENT TYPE | |
| Content type term | text |
| Source | rdacontent |
| 337 ## - MEDIA TYPE | |
| Media type term | computer |
| Source | rdamedia |
| 338 ## - CARRIER TYPE | |
| Carrier type term | online resource |
| Source | rdacarrier |
| 504 ## - BIBLIOGRAPHY, ETC. NOTE | |
| Bibliography, etc | Includes bibliographical references and index. |
| 505 0# - FORMATTED CONTENTS NOTE | |
| Formatted contents note | The Third Rome and its discontents, 1848-1922 -- Science and faith : the Istituto di studi romani, 1922-1929 -- History and hygiene in Mussolini's Rome, 1925-1938 -- The totalitarian museum : the Mostra augustea della romanit�a, 1937-1938 -- Empire, race, and the decline of romanit�a, 1936-1945. |
| 588 ## - SOURCE OF DESCRIPTION NOTE | |
| Source of description note | Description based on print version record. |
| 590 ## - LOCAL NOTE (RLIN) | |
| Local note | Electronic reproduction. Palo Alto, Calif. : ebrary, 2013. Available via World Wide Web. Access may be limited to ebrary affiliated libraries. |
| 650 #0 - SUBJECT ADDED ENTRY--TOPICAL TERM | |
| Topical term or geographic name as entry element | Archaeology and state |
| Geographic subdivision | Italy |
| General subdivision | History |
| Chronological subdivision | 20th century. |
| Topical term or geographic name as entry element | Fascism and culture |
| Geographic subdivision | Italy |
| General subdivision | History |
| Chronological subdivision | 20th century. |
| Topical term or geographic name as entry element | Museum exhibits |
| General subdivision | Political aspects |
| Geographic subdivision | Italy |
| General subdivision | History |
| Chronological subdivision | 20th century. |
| 651 #0 - SUBJECT ADDED ENTRY--GEOGRAPHIC NAME | |
| Geographic name | Italy |
| General subdivision | Civilization |
| -- | Roman influences. |
| Geographic name | Italy |
| General subdivision | Historiography |
| Chronological subdivision | 20th century. |
| 655 #0 - INDEX TERM--GENRE/FORM | |
| Genre/form data or focus term | Electronic books. |
| 776 08 - ADDITIONAL PHYSICAL FORM ENTRY | |
| Display text | Print version: |
| Main entry heading | Arthurs, Joshua. |
| Title | Excavating modernity : the Roman past in fascist Italy. |
| Place, publisher, and date of publication | Ithaca : Cornell University Press, 2012 |
| Physical description | xiii, 216 pages ; 23 cm |
| International Standard Book Number | 9780801449987 |
| Record control number | (DLC)10809065 |
| 797 2# - LOCAL ADDED ENTRY--CORPORATE NAME (RLIN) | |
| Corporate name or jurisdiction name as entry element | ebrary. |
| 856 40 - ELECTRONIC LOCATION AND ACCESS | |
| Uniform Resource Identifier | <a href="http://site.ebrary.com/lib/rucke/Doc?id=10809065">http://site.ebrary.com/lib/rucke/Doc?id=10809065</a> |
| Public note | An electronic book accessible through the World Wide Web; click to view |
No items available.
